00668cas a22001814i 4500952009000000999001700090001001000107003001000117005001700127008004100144040004100185041000800226100002800234245005000262300006300312773010300375942000800478 001040708HEMaFUSBCbFUSBCd2016-01-26l0o r2016-01-26 00:00:00w2016-01-26yANA c50611d50611768714001CO-MdFUSB20180316160547.0180316s1999 cr ||||| |||| 00| 0 spa d aCO-MdFUSBbspacCO-MdFUSBdCO-MdFUSB aspa1 aFumero, Mario E.eautor10aEl dar ¿por miedo, por interés o por amor? aVolumen 4. Número 16 (1999), páginas 252-253c: 28 cm.0 tConquista Cristiana049446960289gVolumen 4. Número 16 (1999), páginas 252-253q página 252 cANA